Compulsory purchase powers, procedures and compensation (Record no. 103348)
[ view plain ]
| 000 -LEADER | |
|---|---|
| fixed length control field | 01081cam a2200217 4500 |
| 001 - CONTROL NUMBER | |
| control field | J125124 |
| 008 - FIXED-LENGTH DATA ELEMENTS--GENERAL INFORMATION | |
| fixed length control field | 040212n2002 000 0 eng u |
| 035 ## - SYSTEM CONTROL NUMBER | |
| System control number | (Sirsi) u125124 |
| 041 ## - LANGUAGE CODE | |
| Language code of text/sound track or separate title | eng |
| 050 ## - LIBRARY OF CONGRESS CALL NUMBER | |
| Classification number | 711.1 |
| -- | 18 |
| 110 ## - MAIN ENTRY--CORPORATE NAME | |
| Corporate name or jurisdiction name as entry element | United Kingdom |
| Subordinate unit | Office of the Deputy Prime Minister |
| 245 ## - TITLE STATEMENT | |
| Title | Compulsory purchase powers, procedures and compensation |
| Remainder of title | the way forward |
| 260 ## - PUBLICATION, DISTRIBUTION, ETC. | |
| Place of publication, distribution, etc. | London |
| Name of publisher, distributor, etc. | ODPM |
| Date of publication, distribution, etc. | 2002 |
| 520 ## - SUMMARY, ETC. | |
| Summary, etc. | Policy statement paper setting out the ways government intend to overcome obstacles to land assembly by ensuring that compulsory purchase powers, procedures and compensation arrangements are made simpler, fairer and quicker. View at www.odpm.gov.uk. |
| 650 ## - SUBJECT ADDED ENTRY--TOPICAL TERM | |
| Topical term or geographic name entry element | COMPULSORY PURCHASE POWERS |
| 650 ## - SUBJECT ADDED ENTRY--TOPICAL TERM | |
| Topical term or geographic name entry element | COMPULSORY PURCHASE REFORM |
| 650 ## - SUBJECT ADDED ENTRY--TOPICAL TERM | |
| Topical term or geographic name entry element | CRICHEL DOWN RULES |
| 690 ## - LOCAL SUBJECT ADDED ENTRY--TOPICAL TERM (OCLC, RLIN) | |
| Topical term or geographic name as entry element | ENVIRONMENTAL AND LAND CONSULTANCY-PLANNING AND DEVELOPMENT-COMPULSORY PURCHASE AND COMPENSATION |
| 856 ## - ELECTRONIC LOCATION AND ACCESS | |
| Uniform Resource Identifier | <a href="https://www.odpm.gov.uk/stellent/groups/odpm_planning/documents/page/odpm_plan_605833.hcsp">https://www.odpm.gov.uk/stellent/groups/odpm_planning/documents/page/odpm_plan_605833.hcsp</a> |
| Public note | View the policy statement paper on the ODPM website... |
| 942 ## - ADDED ENTRY ELEMENTS (KOHA) | |
| Suppress in OPAC | 0 |
| Withdrawn status | Lost status | Source of classification or shelving scheme | Damaged status | Not for loan | Home library | Current library | Shelving location | Date acquired | Total Checkouts | Full call number | Barcode | Date last seen | Copy number | Price effective from | Koha item type |
|---|---|---|---|---|---|---|---|---|---|---|---|---|---|---|---|
| Dewey Decimal Classification | Virtual | Virtual | Online | 12/02/2004 | ONLINE PUBLICATION | 125124-1001 | 06/08/2019 | 1 | 06/08/2019 | Book |